000 00724nac a22001931u 4500
020 _a0618150366
082 _a658.84
_bCAN
090 _c6596
_d6596
100 _aCanzer, Brahm.
245 _ae-business :
_b strategic thinking and practice /
_c Brahm Canzer.
260 _aBoston, Mass. :
_bHoughton Mifflin , c2003.
_c2003
300 _axvii, 366 p. :
_b ill. ;
_c24 cm.
500 _adistributer: Al-Ahram
504 _a Includes bibliographical references and index.
511 _acatalogued by: wessam
650 _a Electronic commerce
942 _cBB
_k658.84 CAN
999 _c6596
_d6596